000 00548nam a2200181Ia 4500
008 151202s9999||||xx |||||||||||||| ||und||
082 _bPNVM-52494
100 _aदेवार ज्योत्स्ना.
245 _aगजगे.
260 _bशकून प्रकाशन पुणे.
260 _c1983
300 _a174
600 _aदेवार ज्योत्स्ना.
630 _aगजगे.
700 _aदेवार ज्योत्स्ना.
730 _aगजगे.
942 _cBOOK
999 _c1319033
_d1319030